[Event "10. Rusia tch 2009 femenino"]
[Site "Dagomys RUS"]
[Date "2009.04.09"]
[Round "7.31"]
[White "Iljushina, Olga"]
[Black "Molchanova, Tatjana"]
[Result "1-0"]
[WhiteElo "2329"]
[BlackElo "2321"]
[PlyCount "75"]
[EventDate "2009.04.02"]
[EventType "team"]
[EventRounds "7"]
[EventCountry "RUS"]
[Source "lmi"]
[SourceDate "2009.04.04"]

1. d4 d5 2. c4 e6 3. Nf3 Nf6 4. Nc3 Bb4 5. cxd5 exd5 6. Bg5 h6 7. Bh4 c6 8. e3
Qa5 9. Qb3 Ne4 10. Rc1 Bf5 11. Be2 b5 12. O-O Nxc3 13. bxc3 Ba3 14. Rcd1 Nd7
15. Ne1 O-O 16. Nc2 Bd6 17. Nb4 Qc7 18. Bg3 Bxg3 19. hxg3 a5 20. Nd3 a4 21. Qa3
Bxd3 22. Bxd3 Nf6 23. Rfe1 Rae8 24. Qb2 Re7 25. Re2 Rfe8 26. Rde1 g6 27. Qc2
Kg7 28. e4 dxe4 29. Bxe4 c5 30. dxc5 Qxc5 31. Bd3 Rxe2 32. Rxe2 Rc8 33. Qb1
Qxc3 34. Bxb5 Rb8 35. Rb2 Qe5 36. a3 Nd5 37. Re2 Qxe2 38. Qa1+ 1-0

[Event "10. Rusia tch 2009 femenino"]
[Site "Dagomys RUS"]
[Date "2009.04.09"]
[Round "7.32"]
[White "Solovjova, Valentina"]
[Black "Paehtz, Elisabeth"]
[Result "0-1"]
[WhiteElo "2305"]
[BlackElo "2459"]
[PlyCount "78"]
[EventDate "2009.04.02"]
[EventType "team"]
[EventRounds "7"]
[EventCountry "RUS"]
[Source "lmi"]
[SourceDate "2009.04.04"]

1. e4 c5 2. c3 d5 3. exd5 Qxd5 4. d4 g6 5. Nf3 Bg7 6. dxc5 Qxc5 7. Be3 Qc7 8.
Bb5+ Nd7 9. O-O Ngf6 10. Bd4 O-O 11. Qe2 a6 12. Ba4 b5 13. Bc2 Bb7 14. Nbd2
Rfe8 15. Ne4 e5 16. Nxf6+ Bxf6 17. Be3 e4 18. Nd4 Be5 19. h3 Bd5 20. Bb3 Bc4
21. Bxc4 bxc4 22. f3 Nf6 23. f4 Bd6 24. Rad1 Rab8 25. Qd2 Nd5 26. Rf2 Bc5 27.
f5 Qg3 28. Re1 Bd6 29. b3 cxb3 30. axb3 Rbc8 31. Nb5 Qh2+ 32. Kf1 Nxe3+ 33.
Rxe3 axb5 34. fxg6 hxg6 35. Qd5 Re6 36. Rxe4 Qh1+ 37. Ke2 Rce8 38. Kd2 Qb1 39.
Rf3 Qxe4 0-1

[Event "10. Rusia tch 2009 femenino"]
[Site "Dagomys RUS"]
[Date "2009.04.09"]
[Round "7.34"]
[White "Akatova, Ekaterina"]
[Black "Avdeeva, Veronika"]
[Result "0-1"]
[WhiteElo "2280"]
[BlackElo "2149"]
[PlyCount "74"]
[EventDate "2009.04.02"]
[EventType "team"]
[EventRounds "7"]
[EventCountry "RUS"]
[Source "lmi"]
[SourceDate "2009.04.04"]

1. e4 c5 2. Nf3 d6 3. d4 cxd4 4. Nxd4 Nf6 5. Nc3 a6 6. Be3 e6 7. g4 b5 8. g5
Nfd7 9. f4 Bb7 10. Qf3 Nb6 11. O-O-O b4 12. Nb1 Qc7 13. Nd2 N8d7 14. h4 Rc8 15.
Bd3 Nc5 16. Kb1 Nba4 17. N2b3 e5 18. fxe5 dxe5 19. Nxc5 exd4 20. Nxa4 dxe3 21.
Qxe3 Qc6 22. b3 Be7 23. Rhe1 O-O 24. Nb2 Bc5 25. Qe2 Bd4 26. Bc4 Bc3 27. Bd5
Qc7 28. Rf1 Bxb2 29. Kxb2 a5 30. Bxb7 Qxb7 31. Rd5 Qc7 32. Qd3 Qh2 33. Rxa5 Rc3
34. Qd1 Rfc8 35. Rh1 Rxc2+ 36. Ka1 Qc7 37. Qd3 Qxa5 0-1

[Event "10. Rusia tch 2009 femenino"]
[Site "Dagomys RUS"]
[Date "2009.04.09"]
[Round "7.41"]
[White "Cmilyte, Viktorija"]
[Black "Grabuzova, Tatiana"]
[Result "1-0"]
[WhiteElo "2498"]
[BlackElo "2348"]
[PlyCount "131"]
[EventDate "2009.04.02"]
[EventType "team"]
[EventRounds "7"]
[EventCountry "RUS"]
[Source "lmi"]
[SourceDate "2009.04.04"]

1. d4 e6 2. Nf3 d5 3. c4 c5 4. cxd5 exd5 5. g3 Nc6 6. Bg2 Nf6 7. O-O Be7 8. Nc3
O-O 9. dxc5 Bxc5 10. Na4 Be7 11. Be3 Bg4 12. Rc1 Rc8 13. Nc5 b6 14. Nb3 Qd7 15.
Re1 Rfe8 16. Nbd4 Bc5 17. Nxc6 Rxc6 18. Bd4 Bxd4 19. Nxd4 Rxc1 20. Qxc1 Qa4 21.
Qd2 Qxa2 22. Nb5 h6 23. Nc7 Rd8 24. e4 d4 25. e5 Nh7 26. h3 Bc8 27. Nb5 Qa5 28.
Qxa5 bxa5 29. Rd1 Ng5 30. Nxa7 Nxh3+ 31. Kf1 Ba6+ 32. Ke1 Ng5 33. Nc6 Re8 34.
Rxd4 Bb7 35. f4 Ne6 36. Rd2 Bxc6 37. Bxc6 Rb8 38. Bd5 Nc5 39. Bc4 Kf8 40. Rc2
Ke7 41. Ke2 Na4 42. b3 Nb6 43. Bd3 Nd7 44. Rc7 Kd8 45. Ra7 Rxb3 46. Bc4 Rb2+
47. Kf3 Ke8 48. Bxf7+ Kxf7 49. Rxd7+ Kf8 50. Ra7 Rb3+ 51. Kg4 Ra3 52. Kh4 g6
53. Kg4 a4 54. Rh7 Rb3 55. Rxh6 Kg7 56. Rh2 a3 57. Rd2 Rb2 58. Rd7+ Kh6 59. Ra7
a2 60. Kh3 g5 61. Kg4 gxf4 62. gxf4 Re2 63. Kf5 Rb2 64. Kf6 Kh5 65. f5 Kg4 66.
Ra4+ 1-0

[Event "10. Rusia tch 2009 femenino"]
[Site "Dagomys RUS"]
[Date "2009.04.09"]
[Round "7.42"]
[White "Zdebskaja, Natalia"]
[Black "Zhukova, Natalia"]
[Result "1/2-1/2"]
[WhiteElo "2438"]
[BlackElo "2461"]
[PlyCount "60"]
[EventDate "2009.04.02"]
[EventType "team"]
[EventRounds "7"]
[EventCountry "RUS"]
[Source "lmi"]
[SourceDate "2009.04.04"]

1. e4 e6 2. d4 d5 3. Nc3 Nc6 4. Nf3 Nf6 5. e5 Ne4 6. Ne2 f6 7. Ng3 fxe5 8. Bb5
exd4 9. Nxe4 dxe4 10. Nxd4 Qd5 11. Nxc6 a6 12. Ba4 Bd7 13. c4 Qxd1+ 14. Kxd1
Bxc6 15. Bxc6+ bxc6 16. Re1 Bc5 17. Rxe4 Bxf2 18. Rxe6+ Kd7 19. Re2 Bd4 20. Be3
Bxe3 21. Rxe3 Rae8 22. Ke2 Rxe3+ 23. Kxe3 Re8+ 24. Kd3 Re6 25. Rf1 Rg6 26. g3
Rh6 27. Rf2 c5 28. b3 Kd6 29. a3 a5 30. Rf7 Ke5 1/2-1/2

[Event "10. Rusia tch 2009 femenino"]
[Site "Dagomys RUS"]
[Date "2009.04.09"]
[Round "7.43"]
[White "Turova, Irina"]
[Black "Shumiakina, Tatiana"]
[Result "1/2-1/2"]
[WhiteElo "2396"]
[BlackElo "2333"]
[PlyCount "117"]
[EventDate "2009.04.02"]
[EventType "team"]
[EventRounds "7"]
[EventCountry "RUS"]
[Source "lmi"]
[SourceDate "2009.04.04"]

1. d4 d5 2. c4 c6 3. Nc3 e6 4. Nf3 Nf6 5. Bg5 h6 6. Bxf6 Qxf6 7. Qb3 a5 8. e3
Nd7 9. Bd3 dxc4 10. Qxc4 Qd8 11. O-O Be7 12. a3 O-O 13. Rfd1 Re8 14. Rac1 Bf8
15. Bb1 Qe7 16. Ne5 g6 17. Ne4 Bg7 18. f4 Rd8 19. Qe2 Nf6 20. Nc5 Qc7 21. Qf3
Nd5 22. Ne4 Bd7 23. h4 Be8 24. Ba2 Qe7 25. Qg3 Rac8 26. Bc4 b6 27. Be2 c5 28.
dxc5 bxc5 29. Nc4 a4 30. Ned2 Rb8 31. h5 g5 32. fxg5 Qxg5 33. Qxg5 hxg5 34. Ne4
Bxb2 35. Nxb2 Rxb2 36. Bf3 Rdb8 37. Nxg5 Nxe3 38. Re1 Nf5 39. Rxc5 R2b3 40. Ne4
Kg7 41. Ra1 Nd4 42. Bd1 Rb1 43. Rc1 Rxa1 44. Rxa1 Rb2 45. Nc3 Bc6 46. Ra2 Rxa2
47. Nxa2 Bd5 48. Nc3 Bb3 49. Kf2 f5 50. Ke1 Nc2+ 51. Ke2 Nxa3 52. Nxa4 Bxd1+
53. Kxd1 Nb5 54. Ke2 Kh6 55. Nc5 e5 56. Nd3 Nd4+ 57. Ke3 Nc6 58. Nxe5 Nxe5 59.
Kf4 1/2-1/2

[Event "10. Rusia tch 2009 femenino"]
[Site "Dagomys RUS"]
[Date "2009.04.09"]
[Round "7.44"]
[White "Zaiatz, Elena"]
[Black "Bodnaruk, Anastasia"]
[Result "0-1"]
[WhiteElo "2362"]
[BlackElo "2373"]
[PlyCount "110"]
[EventDate "2009.04.02"]
[EventType "team"]
[EventRounds "7"]
[EventCountry "RUS"]
[Source "lmi"]
[SourceDate "2009.04.04"]

1. b3 Nf6 2. Bb2 e6 3. Nf3 Be7 4. g3 O-O 5. Bg2 d5 6. O-O c5 7. d3 Nc6 8. Nbd2
Qc7 9. e3 b6 10. Qe2 Ba6 11. e4 Rad8 12. e5 Nd7 13. Rfe1 Rde8 14. h4 f5 15. Ng5
Bxg5 16. hxg5 f4 17. Qh5 Ndxe5 18. Nf3 Nxf3+ 19. Bxf3 fxg3 20. Kg2 d4 21. fxg3
Nb4 22. Re2 Bb7 23. Bxb7 Qxb7+ 24. Kh3 g6 25. Qg4 Rf5 26. a3 h5 27. Qe4 Nd5 28.
c4 dxc3 29. Bxc3 Qf7 30. Bd2 e5 31. Rae1 Nc7 32. Qb7 Ne6 33. Qxf7+ Kxf7 34. Bc3
Nxg5+ 35. Kg2 Nf3 36. Rd1 Nd4 37. Rb2 Nb5 38. Be1 Rd8 39. a4 Nc7 40. Re2 Nd5
41. Bd2 a5 42. Be1 Ke6 43. Bd2 Ne7 44. Bc3 Nc6 45. Re4 Nd4 46. Rde1 Rd5 47. b4
Nc2 48. Rc1 Nxb4 49. Bxb4 axb4 50. Re3 Rf7 51. Rce1 Ra7 52. g4 Rxa4 53. gxh5
gxh5 54. Rh1 Ra2+ 55. Kg3 Rd2 0-1